00282 a2200133 4500003000500000005001700005040000900022082001500031100001900046245003400065260002700099300001000126650001200136Nust20230529123629.0 cNust a808.83,GOR aGordon,Richard aDoctor at SeacRichard Gordon aLondonbMichael Joseph a219:p aA Novel